Agricultural Sector Symposium : (Registro nro. 8357)

Detalles MARC
000 -CABECERA
Campo de control 01023nam a22002297a 4500
005 - FECHA Y HORA DE LA ULTIMA TRANSACCION
Campo de control 20140404142819.0
008 - ELEMENTOS DE LONGITUD FIJA—INFORMACION GENERAL
Campo de control 951111s1993 us a r 10010 eng d
020 ## - ISBN
ISBN 082132585X
041 0# - IDIOMA
Código de idioma para texto/pista de sonido o título separado Inglés
082 04 - NUMERO DE CLASIFICACION DECIMAL DEWEY
Número de clasificación 338.1
Número del ítem S77a
111 20 - ASIENTO PRINCIPAL--NOMBRE DE REUNION
Nombre de reunión o de jurisdicción como elemento de entrada Agriculture and environmental challenges
Fecha de la reunión (1993 :
Lugar de la reunión Washington)
Número de la parte/sección/reunión 13
245 10 - MENCION DE TITULO
Título Agricultural Sector Symposium :
Parte restante del título proceedings of the thirteenth agricultural sector symposium.
Mención de responsabilidad Editors Jitendra P. Srivastava and Harold Alderman.
260 ## - PUBLICACION, DISTRIBUCION, ETC. (PIE DE IMPRENTA)
Lugar de publicación, distribución, etc. Washington :
Nombre del editor, distribuidor, etc. The World Bank,
Fecha de publicación, distribución, etc. 1993.
300 ## - DESCRIPCION FISICA
Extensión 289 p. :
Otros detalles físicos il. ;
Dimensiones 27 cm.
650 #6 - ASIENTO SECUNDARIO DE MATERIA - TERMINO TEMATICO
Término temático o nombre geográfico como elemento de entrada Contaminación agrícola
Subdivisión de forma Congresos, conferencias, etc..
650 ## - ASIENTO SECUNDARIO DE MATERIA - TERMINO TEMATICO
Término temático o nombre geográfico como elemento de entrada Desarrollo agrícola
Subdivisión de forma Congresos, conferencias, etc..
650 #6 - ASIENTO SECUNDARIO DE MATERIA - TERMINO TEMATICO
Término temático o nombre geográfico como elemento de entrada Desarrollo sostenible
Subdivisión de forma Congresos, conferencias, etc..
650 #6 - ASIENTO SECUNDARIO DE MATERIA - TERMINO TEMATICO
Término temático o nombre geográfico como elemento de entrada Tecnología agrícola
Subdivisión de forma Congresos, conferencias, etc..
700 1# - ASIENTO SECUNDARIO - NOMBRE PERSONAL
Nombre personal Srivastava, Jitendra P.,
Fechas asociadas con el nombre 1940-,
Término de relación ed.
700 1# - ASIENTO SECUNDARIO - NOMBRE PERSONAL
Nombre personal Alderman, Harold,
Fechas asociadas con el nombre 1948-,
Término de relación ed.
942 ## - ELEMENTOS ADICIONALES (KOHA)
Sistema de clasificación Dewey Decimal Classification
Tipo de ítem Impreso
Existencias
Withdrawn status Lost status Sistema de Clasificación Damaged status No para préstamo Colección Inventariado Ubicación Permanente Ubicación actual Fecha de adquisición Fuente de Valor Valor Total Checkouts Número topográfico Inventario / Código de Barras Date last seen Ejemplar Price effective from Forma de adquisición Tipo de material
    Dewey Decimal Classification     General Inventariado 2017 Sala Fabio Quevedo Sala Fabio Quevedo 04/04/2014 Instituto 39000.00   LB-338.1 S77a 038002 04/04/2014 Ej. 1 04/04/2014   Libro